[Event "CYCC U10"]
[Site "Hamilton CAN"]
[Date "2022.07.10"]
[Round "6.13"]
[White "Xing, Percy"]
[Black "Wang, Patrick"]
[Result "0-1"]
[WhiteElo "1161"]
[BlackElo "868"]
[PlyCount "118"]
[EventDate "2022.07.08"]
[EventType "swiss"]
[EventRounds "7"]
[EventCountry "CAN"]

1. d4 d5 2. c4 e6 3. Nf3 Nf6 4. Nc3 Bb4 5. e3 Nc6 6. Bd3 Bd7 7. a3 Bxc3+ 8.
bxc3 O-O 9. cxd5 exd5 10. O-O Bg4 11. h3 Bh5 12. Be2 Ne4 13. Qd3 Bg6 14. Qd1
Nxc3 15. Qd2 Nxe2+ 16. Qxe2 Bh5 17. Kh1 Na5 18. Rb1 b6 19. Rd1 Nc4 20. e4 Re8
21. e5 Qd7 22. g4 Bg6 23. Rb4 a5 24. Rb3 Qa4 25. Rc3 Be4 26. Kh2 Bxf3 27. Qxf3
c6 28. Re1 b5 29. Qf5 Re6 30. Qc2 Qxc2 31. Rxc2 f6 32. f4 fxe5 33. dxe5 Rf8 34.
Bb2 Rxf4 35. Kg3 Rf8 36. Bd4 Rc8 37. Bc5 Rxe5 38. Rxe5 Nxe5 39. Bb6 Nc4 40. Bc5
a4 41. Kf4 Re8 42. Bb4 Re4+ 43. Kf3 Ne5+ 44. Kf2 Rc4 45. Re2 Nd3+ 46. Kg3 Nxb4
47. axb4 Re4 48. Rxe4 dxe4 49. Kf4 a3 50. Kxe4 a2 51. Ke5 a1=Q+ 52. Kd6 Qd4+
53. Kxc6 Qxb4 54. g5 Qc4+ 55. Kb6 b4 56. Ka5 b3 57. Kb6 b2 58. Ka5 b1=Q 59. g6
Qca2# 0-1

[Event "CYCC U10"]
[Site "Hamilton CAN"]
[Date "2022.07.10"]
[Round "6.14"]
[White "Dunikov, David"]
[Black "Lee, Daniel"]
[Result "1-0"]
[WhiteElo "1337"]
[BlackElo "873"]
[PlyCount "63"]
[EventDate "2022.07.08"]
[EventType "swiss"]
[EventRounds "7"]
[EventCountry "CAN"]

1. e4 e5 2. f4 d5 3. exd5 exf4 4. Nf3 Nf6 5. d4 Nxd5 6. Bc4 Be6 7. O-O Be7 8.
Bxd5 Bxd5 9. Bxf4 O-O 10. Nc3 Nc6 11. Bxc7 Qxc7 12. Nxd5 Qd6 13. Nxe7+ Nxe7 14.
Re1 Rfe8 15. Ne5 Nf5 16. c3 Qb6 17. Qf3 Nd6 18. h3 Qxb2 19. Rf1 Re7 20. Qg3 Ne4
21. Qh4 f6 22. Qxe4 fxe5 23. dxe5 Qxc3 24. Qd5+ Kh8 25. Rae1 Rae8 26. Qd6 h6
27. e6 Qc6 28. Rf8+ Kh7 29. Qd3+ g6 30. Rxe8 Rxe8 31. Qb3 Rxe6 32. Rxe6 1-0

[Event "CYCC U10"]
[Site "Hamilton CAN"]
[Date "2022.07.10"]
[Round "6.15"]
[White "Zhan, Jayden"]
[Black "Justason, Magnus"]
[Result "0-1"]
[WhiteElo "982"]
[BlackElo "1336"]
[PlyCount "84"]
[EventDate "2022.07.08"]
[EventType "swiss"]
[EventRounds "7"]
[EventCountry "CAN"]

1. Nf3 d5 2. d4 c5 3. c3 Nc6 4. Bf4 Qb6 5. Qb3 Qxb3 6. axb3 Bg4 7. Nbd2 e6 8.
e3 Nf6 9. h3 Bxf3 10. Nxf3 cxd4 11. exd4 Be7 12. Bb5 O-O 13. O-O a6 14. Bxc6
bxc6 15. Bh2 c5 16. Ra4 Ne4 17. Rfa1 cxd4 18. Nxd4 Bc5 19. b4 Bxd4 20. cxd4
Rfc8 21. g4 Rc2 22. Bg3 Rxb2 23. Rxa6 Rxa6 24. Rxa6 h6 25. Rb6 Nxg3 26. fxg3
Rd2 27. b5 Rxd4 28. Rb8+ Kh7 29. b6 Rb4 30. Kf2 d4 31. Ke2 Rb3 32. b7 d3+ 33.
Kd2 e5 34. Re8 Rxb7 35. Rxe5 Rb2+ 36. Kd1 Rg2 37. Re7 d2 38. h4 Kg6 39. Re3 f6
40. Rd3 h5 41. Rd5 hxg4 42. h5+ Kh6 0-1

[Event "CYCC U10"]
[Site "Hamilton CAN"]
[Date "2022.07.10"]
[Round "6.16"]
[White "Shen, Denis"]
[Black "Li, Jerry"]
[Result "0-1"]
[WhiteElo "798"]
[BlackElo "1008"]
[PlyCount "60"]
[EventDate "2022.07.08"]
[EventType "swiss"]
[EventRounds "7"]
[EventCountry "CAN"]

1. e4 e5 2. Nf3 Nc6 3. Bc4 Bc5 4. d3 Nf6 5. Bg5 h6 6. Bh4 g5 7. Nxg5 hxg5 8.
Bxg5 Be7 9. c3 d6 10. Qd2 Bd7 11. h3 Nh7 12. Be3 Bg5 13. a3 Bxe3 14. Qxe3 Qe7
15. Nd2 O-O-O 16. O-O-O Rhg8 17. Rhg1 Nf8 18. Bd5 Kb8 19. Nc4 Ng6 20. Kc2 Nf4
21. h4 Nxg2 22. Qh6 Nxh4 23. Bxf7 Rh8 24. Qg7 Rhf8 25. Bd5 Rxf2+ 26. Kc1 Qf6
27. Qxf6 Rxf6 28. Rg5 Ng6 29. Rdg1 Nf4 30. Rg8 Ne2+ 0-1

[Event "CYCC U10"]
[Site "Hamilton CAN"]
[Date "2022.07.10"]
[Round "6.17"]
[White "Zhuang, Samuel"]
[Black "Ye, Oliver"]
[Result "1-0"]
[WhiteElo "862"]
[BlackElo "999"]
[PlyCount "85"]
[EventDate "2022.07.08"]
[EventType "swiss"]
[EventRounds "7"]
[EventCountry "CAN"]

1. e4 e5 2. Nf3 Nc6 3. Nc3 Nf6 4. Bb5 d6 5. d3 h6 6. Bxc6+ bxc6 7. O-O Bg4 8.
h3 Bh5 9. g4 Nxg4 10. hxg4 Bxg4 11. Qe2 Qf6 12. Kg2 Qg6 13. Qe3 Qh5 14. Rh1 Qg6
15. Nh4 Qg5 16. Qxg5 hxg5 17. Bxg5 f6 18. Be3 Rb8 19. b3 Kf7 20. Bxa7 Rc8 21.
Be3 Be6 22. Nf3 Rxh1 23. Rxh1 d5 24. exd5 cxd5 25. Ne2 d4 26. Bd2 g5 27. Ng3
Bd5 28. Ne4 g4 29. Nh4 Ke6 30. f3 gxf3+ 31. Kf2 Be7 32. Nxf3 f5 33. Neg5+ Bxg5
34. Nxg5+ Kd7 35. Rh7+ Kc6 36. Re7 Rh8 37. Kg3 Rh1 38. Rxe5 Rg1+ 39. Kf2 Rg2+
40. Ke1 Rg1+ 41. Ke2 Rg2+ 42. Kd1 Rg1+ 43. Re1 1-0

[Event "CYCC U10"]
[Site "Hamilton CAN"]
[Date "2022.07.10"]
[Round "6.18"]
[White "Zhang, Andy"]
[Black "Wu, Yihang"]
[Result "1-0"]
[WhiteElo "908"]
[BlackElo "987"]
[PlyCount "41"]
[EventDate "2022.07.08"]
[EventType "swiss"]
[EventRounds "7"]
[EventCountry "CAN"]

1. e4 c5 2. Nc3 d6 3. Bc4 Nf6 4. d3 g6 5. Nf3 Bg7 6. O-O O-O 7. h3 Nc6 8. Re1
Bd7 9. Bf4 h6 10. Qd2 Kh7 11. Ne2 Nh5 12. c3 Nxf4 13. Qxf4 Ne5 14. Nxe5 Bxe5
15. Qf3 f5 16. exf5 Rxf5 17. Qxb7 Qc8 18. Qxc8 Rxc8 19. Bb3 Rcf8 20. f3 Bg3 21.
Nxg3 1-0

[Event "CYCC U10"]
[Site "Hamilton CAN"]
[Date "2022.07.10"]
[Round "6.19"]
[White "Moses, Niam"]
[Black "Chua, Zachary"]
[Result "1/2-1/2"]
[WhiteElo "946"]
[BlackElo "861"]
[PlyCount "42"]
[EventDate "2022.07.08"]
[EventType "swiss"]
[EventRounds "7"]
[EventCountry "CAN"]

1. e4 c5 2. Nf3 d6 3. Nc3 Nf6 4. Bc4 e6 5. e5 dxe5 6. Nxe5 Bd6 7. Nf3 O-O 8.
O-O a6 9. Re1 Qc7 10. b3 Ng4 11. g3 b5 12. Bd3 Nc6 13. Bxh7+ Kh8 14. Be4 Nh6
15. Bxc6 Qxc6 16. Ne5 Qc7 17. Ng4 Nxg4 18. Qxg4 Bb7 19. Bb2 Qc6 20. Ne4 e5 21.
f3 f6 1/2-1/2

[Event "CYCC U10"]
[Site "Hamilton CAN"]
[Date "2022.07.10"]
[Round "6.20"]
[White "Wang, Eric"]
[Black "Maslov, Yan"]
[Result "1/2-1/2"]
[WhiteElo "918"]
[BlackElo "792"]
[PlyCount "32"]
[EventDate "2022.07.08"]
[EventType "swiss"]
[EventRounds "7"]
[EventCountry "CAN"]

1. e4 e5 2. Nf3 Nc6 3. Bb5 Nf6 4. O-O Be7 5. Re1 O-O 6. c3 d5 7. exd5 Qxd5 8.
Bxc6 Qxc6 9. Nxe5 Qb6 10. Nf3 Ng4 11. Rxe7 Nxf2 12. Qf1 Nh3+ 13. Kh1 Nf2+ 14.
Kg1 Nh3+ 15. Kh1 Nf2+ 16. Kg1 Nh3+ 1/2-1/2

[Event "CYCC U10"]
[Site "Hamilton CAN"]
[Date "2022.07.10"]
[Round "6.22"]
[White "Wang, William"]
[Black "Tsukerman, Leon"]
[Result "1-0"]
[WhiteElo "895"]
[BlackElo "593"]
[PlyCount "117"]
[EventDate "2022.07.08"]
[EventType "swiss"]
[EventRounds "7"]
[EventCountry "CAN"]

1. e4 c5 2. Nf3 Nc6 3. b3 Nf6 4. e5 Ng8 5. Bb2 d6 6. Bb5 Bd7 7. Bxc6 Bxc6 8.
O-O dxe5 9. Nxe5 Nf6 10. Nxc6 bxc6 11. Qf3 Qc7 12. d3 e6 13. Bxf6 gxf6 14. Qxf6
Rg8 15. c3 Rg6 16. Qf3 Bd6 17. h3 Bh2+ 18. Kh1 Bd6 19. Nd2 Be7 20. Ne4 Qe5 21.
Rfe1 Bd8 22. Nd2 Qd6 23. Nc4 Qd5 24. Qe4 Bc7 25. Qxd5 cxd5 26. Ne3 d4 27. cxd4
cxd4 28. Nc4 Rf6 29. f3 Bg3 30. Re4 Rf4 31. Rae1 Bxe1 32. Rxf4 Bg3 33. Rg4 Bb8
34. Rg8+ Kd7 35. Ne5+ Kc7 36. Nxf7 Kb7 37. Nd8+ Kb6 38. Nxe6 Ka6 39. Nc7+ Kb7
40. Nxa8 Kxa8 41. f4 Kb7 42. f5 Be5 43. g4 Bf6 44. g5 Be5 45. f6 Kc6 46. f7 Bd6
47. g6 hxg6 48. Rxg6 Kd5 49. Rxd6+ Kxd6 50. f8=Q+ Ke5 51. Kg2 Kd5 52. Kf3 Ke5
53. Qf4+ Kd5 54. Qe4+ Kc5 55. Kf4 Kd6 56. Qe5+ Kc6 57. Ke4 Kd7 58. h4 Kc6 59.
h5 1-0

[Event "CYCC U10"]
[Site "Hamilton CAN"]
[Date "2022.07.10"]
[Round "6.23"]
[White "Buitelaar, Jake"]
[Black "Shah, Ameya"]
[Result "1-0"]
[WhiteElo "886"]
[BlackElo "535"]
[PlyCount "71"]
[EventDate "2022.07.08"]
[EventType "swiss"]
[EventRounds "7"]
[EventCountry "CAN"]

1. e4 c5 2. Nf3 Nc6 3. Nc3 e5 4. Bc4 g6 5. O-O Bg7 6. d3 Nf6 7. Bg5 d6 8. Nd5
O-O 9. h3 h6 10. Nxf6+ Bxf6 11. Bxh6 Bg7 12. Qd2 Bxh6 13. Qxh6 Qf6 14. Ng5 Qh8
15. Bxf7+ Rxf7 16. Qxh8+ Kxh8 17. Nxf7+ Kg8 18. Nxd6 Nd4 19. Nxc8 Rxc8 20. c3
Ne6 21. Rac1 Nf4 22. Kh2 Ne2 23. Rce1 Nf4 24. Rd1 Rd8 25. d4 Ne2 26. Rfe1 Nf4
27. g3 Nh5 28. dxe5 Re8 29. Rd5 b6 30. Red1 Re6 31. Rd8+ Kg7 32. R1d7+ Kh6 33.
h4 g5 34. Rh8+ Kg6 35. Rg8+ Kh6 36. hxg5# 1-0

[Event "CYCC U10"]
[Site "Hamilton CAN"]
[Date "2022.07.10"]
[Round "6.25"]
[White "Grosman, Noah"]
[Black "Yang, Larry"]
[Result "1-0"]
[WhiteElo "944"]
[BlackElo "764"]
[PlyCount "115"]
[EventDate "2022.07.08"]
[EventType "swiss"]
[EventRounds "7"]
[EventCountry "CAN"]

1. e4 c6 2. d4 d5 3. exd5 cxd5 4. Nf3 Nc6 5. Bf4 Bf5 6. Bd3 Bxd3 7. Qxd3 Nf6 8.
Nc3 a6 9. O-O e6 10. Rfe1 Be7 11. h3 Qd7 12. a4 O-O 13. Ne5 Nxe5 14. dxe5 Ne8
15. Ne2 Nc7 16. c4 Rfd8 17. cxd5 Nxd5 18. Red1 a5 19. Nc3 Rac8 20. Nxd5 Qxd5
21. Qxd5 exd5 22. Rac1 Rxc1 23. Rxc1 h6 24. Rc7 Bb4 25. Rxb7 d4 26. Rc7 d3 27.
Rc1 d2 28. Rd1 Kf8 29. Kf1 Ke7 30. Ke2 Ke6 31. Bxd2 Bxd2 32. Rxd2 Rxd2+ 33.
Kxd2 Kxe5 34. Kc3 Kd5 35. b4 axb4+ 36. Kxb4 Kc6 37. a5 Kc7 38. Kc5 Kb7 39. Kd6
f5 40. Ke5 g6 41. Kf6 f4 42. Kxg6 Ka6 43. Kxh6 Kxa5 44. g3 fxg3 45. fxg3 Kb5
46. Kg6 Kc6 47. h4 Kd6 48. h5 Ke5 49. h6 Ke4 50. h7 Kf3 51. h8=Q Kxg3 52. Qh5
Kg2 53. Kf5 Kf2 54. Kf4 Ke1 55. Qe5+ Kd1 56. Qb2 Ke1 57. Ke3 Kf1 58. Qf2# 1-0

[Event "CYCC U10"]
[Site "Hamilton CAN"]
[Date "2022.07.10"]
[Round "6.26"]
[White "Sriramulu, Krithik"]
[Black "Zhang, Nathan"]
[Result "0-1"]
[WhiteElo "937"]
[BlackElo "813"]
[PlyCount "98"]
[EventDate "2022.07.08"]
[EventType "swiss"]
[EventRounds "7"]
[EventCountry "CAN"]

1. d4 d5 2. c4 e6 3. Nc3 Nf6 4. Nf3 Be7 5. Bf4 O-O 6. e3 Nc6 7. Be2 Nh5 8. Bg5
Bxg5 9. Nxg5 Qxg5 10. Bxh5 Qxg2 11. Bf3 Qh3 12. Bg4 Qh4 13. cxd5 exd5 14. Bxc8
Raxc8 15. Qe2 Rfe8 16. O-O-O Qh6 17. Nxd5 Qe6 18. Nc3 Nb4 19. d5 Qf5 20. e4 Qe5
21. f3 c6 22. a3 Nxd5 23. exd5 Qxe2 24. Nxe2 Rxe2 25. dxc6 Rxc6+ 26. Kb1 g6 27.
Rc1 Rb6 28. Rc2 Re3 29. Rc3 Rxc3 30. Ka1 Rxf3 31. Rb1 Rf2 32. h3 f5 33. h4 f4
34. h5 gxh5 35. Rg1+ Kh8 36. Rb1 f3 37. b3 Ra6 38. a4 Re2 39. Rb2 Rxb2 40. Kxb2
f2 41. Ka3 f1=Q 42. Kb4 Qe1+ 43. Ka3 b5 44. Kb2 bxa4 45. bxa4 Rxa4 46. Kb3 Qb4+
47. Kc2 Ra3 48. Kc1 Ra2 49. Kd1 Qd2# 0-1

[Event "CYCC U10"]
[Site "Hamilton CAN"]
[Date "2022.07.11"]
[Round "7.1"]
[White "Marchand, Calix"]
[Black "Mendes, Aaron Reeve"]
[Result "1-0"]
[WhiteElo "1900"]
[BlackElo "2106"]
[PlyCount "109"]
[EventDate "2022.07.08"]
[EventType "swiss"]
[EventRounds "7"]
[EventCountry "CAN"]

1. e4 c5 2. c3 Nf6 3. e5 Nd5 4. d4 cxd4 5. cxd4 d6 6. Nf3 e6 7. Bc4 Nb6 8. Bd3
Nc6 9. O-O Nb4 10. Bb5+ Bd7 11. Bxd7+ Qxd7 12. Qe2 Be7 13. Nc3 a6 14. Bg5 d5
15. Bxe7 Qxe7 16. a3 Nc6 17. Qd3 O-O 18. Nd2 Rac8 19. f4 f5 20. Nf3 Rc7 21. b4
Rfc8 22. Rfc1 Nc4 23. Nd2 b5 24. Nb3 Rb8 25. Nc5 Ra7 26. Rcb1 a5 27. Ra2 axb4
28. axb4 Rxa2 29. Nxa2 Ra8 30. Nc1 Ra3 31. Qd1 g6 32. Ne2 Ra2 33. Qe1 Na3 34.
Nc3 Nxb1 35. Nxa2 Na3 36. Qc3 Nc4 37. Nc1 Kf7 38. Qa1 Nxb4 39. Qa8 Nc2 40. Qh8
Nxd4 41. Qxh7+ Kf8 42. Qh8+ Kf7 43. Qh7+ Ke8 44. Qg8+ Qf8 45. Qxg6+ Kd8 46.
N1b3 Nb6 47. Kh1 Nd7 48. Nb7+ Kc7 49. Nxd4 Kxb7 50. Qxe6 Qc8 51. Qxd5+ Ka7 52.
Qa2+ Kb6 53. Qe6+ Ka5 54. Nc6+ Ka4 55. Qa2# 1-0

[Event "CYCC U10"]
[Site "Hamilton CAN"]
[Date "2022.07.11"]
[Round "7.2"]
[White "Jutras, Arnaud"]
[Black "Liu, Zachary"]
[Result "0-1"]
[WhiteElo "1595"]
[BlackElo "1891"]
[PlyCount "118"]
[EventDate "2022.07.08"]
[EventType "swiss"]
[EventRounds "7"]
[EventCountry "CAN"]

1. c4 c6 2. d4 d5 3. Nf3 Nf6 4. g3 Bf5 5. Bg2 e6 6. O-O h6 7. Nbd2 Be7 8. b3
Nbd7 9. Bb2 O-O 10. Rc1 Ne4 11. e3 Ndf6 12. Ne5 a5 13. Nxe4 Bxe4 14. Bxe4 Nxe4
15. a3 Qe8 16. Qe2 f6 17. Nd3 a4 18. b4 Qf7 19. Nc5 Nd6 20. cxd5 exd5 21. Qc2
Bd8 22. Ra1 Nc4 23. Nxa4 Rxa4 24. Qxa4 Nxb2 25. Qc2 Nc4 26. Rfc1 Be7 27. Qc3 f5
28. Kh1 Nd6 29. Qc2 g5 30. Rg1 g4 31. Ra2 Ne4 32. Rg2 Ng5 33. Qd3 Nf3 34. Qc2
Ne1 35. Qe2 Nxg2 36. Kxg2 Qe6 37. Kg1 h5 38. Ra1 h4 39. Qf1 Kg7 40. Qe1 hxg3
41. hxg3 Rh8 42. Qf1 Rh3 43. Qg2 Qe4 44. Qxe4 fxe4 45. Kg2 Rh8 46. Rb1 b5 47.
Rb3 Kf6 48. Kg1 Ke6 49. Kg2 Kd6 50. Kg1 c5 51. bxc5+ Kc6 52. Kg2 Ra8 53. Kg1
Bd8 54. Kg2 Ba5 55. Kf1 Bd2 56. Rb2 Bc1 57. Ra2 b4 58. a4 b3 59. Ra1 b2 0-1

[Event "CYCC U10"]
[Site "Hamilton CAN"]
[Date "2022.07.11"]
[Round "7.3"]
[White "Wu, Nicholas"]
[Black "Li, Triston"]
[Result "0-1"]
[WhiteElo "1395"]
[BlackElo "1533"]
[PlyCount "88"]
[EventDate "2022.07.08"]
[EventType "swiss"]
[EventRounds "7"]
[EventCountry "CAN"]

1. d4 Nf6 2. Bf4 e6 3. e3 c5 4. c3 Nc6 5. Nd2 d5 6. Ngf3 Nh5 7. Bg5 Be7 8. Bxe7
Qxe7 9. Bd3 O-O 10. Ne5 Nxe5 11. dxe5 g6 12. g4 Ng7 13. h4 h6 14. f4 b6 15. Nf3
Bb7 16. f5 exf5 17. gxf5 Nxf5 18. h5 Ng3 19. Rg1 Nxh5 20. Qc2 Ng7 21. O-O-O d4
22. Bc4 Kh8 23. Qh2 Nf5 24. Ng5 Kg7 25. Nxf7 Rxf7 26. Bxf7 Qxf7 27. exd4 cxd4
28. Rdf1 Rc8 29. Qh3 Kh7 30. Rh1 h5 31. Rhg1 dxc3 32. bxc3 Qxa2 33. Rxf5 Qa1+
34. Kc2 Be4+ 35. Kd2 Qb2+ 36. Kd1 Bxf5 37. Qf3 Qb1+ 38. Ke2 Qxg1 39. e6 Bg4 40.
e7 Bxf3+ 41. Kxf3 Rxc3+ 42. Ke2 Qh2+ 43. Kd1 Ra3 44. e8=B Ra1# 0-1

[Event "CYCC U10"]
[Site "Hamilton CAN"]
[Date "2022.07.11"]
[Round "7.4"]
[White "Zhu, Elber"]
[Black "Gao, Heye"]
[Result "1-0"]
[WhiteElo "1712"]
[BlackElo "1521"]
[PlyCount "131"]
[EventDate "2022.07.08"]
[EventType "swiss"]
[EventRounds "7"]
[EventCountry "CAN"]

1. d4 d5 2. Nf3 c5 3. e3 Nc6 4. b3 Bf5 5. Bd3 Bg6 6. Bb2 e6 7. Bb5 a6 8. Bxc6+
bxc6 9. Nbd2 cxd4 10. exd4 Nf6 11. O-O Bd6 12. Rc1 O-O 13. Re1 Ne4 14. Ne5 Bxe5
15. dxe5 Qb6 16. Nxe4 Bxe4 17. c4 Rfe8 18. Qe2 Rac8 19. Qe3 Qxe3 20. Rxe3 Bf5
21. cxd5 cxd5 22. Rec3 Rxc3 23. Rxc3 d4 24. Rc1 d3 25. Rd1 Kf8 26. Kf1 Ke7 27.
Ke1 Rc8 28. Rc1 Rc2 29. Rxc2 dxc2 30. f3 h5 31. Kd2 f6 32. h3 fxe5 33. Bxe5 g5
34. g4 hxg4 35. hxg4 Bg6 36. a4 Kd7 37. Bf6 Kc6 38. Bxg5 Kc5 39. Kc3 e5 40.
Be3+ Kc6 41. Bc1 Kc5 42. Ba3+ Kc6 43. Bb2 Kc5 44. b4+ Kc6 45. Kd2 Kd5 46. b5
axb5 47. axb5 Kc5 48. Bxe5 Kxb5 49. Bb2 Kc4 50. Ke3 Kd5 51. Kf4 Ke6 52. Kg5 Kf7
53. f4 Bh7 54. Kh6 Bg6 55. Kg5 Bh7 56. f5 Bg8 57. Kh6 Kf8 58. g5 Kf7 59. g6+
Kf8 60. Ba3+ Ke8 61. Kg7 Bd5 62. f6 c1=Q 63. Bxc1 Be6 64. f7+ Bxf7 65. gxf7+
Kd7 66. f8=Q 1-0

[Event "CYCC U10"]
[Site "Hamilton CAN"]
[Date "2022.07.11"]
[Round "7.5"]
[White "Puri, Ryan"]
[Black "Ajith, Aayush"]
[Result "1/2-1/2"]
[WhiteElo "957"]
[BlackElo "1636"]
[PlyCount "81"]
[EventDate "2022.07.08"]
[EventType "swiss"]
[EventRounds "7"]
[EventCountry "CAN"]

1. e4 c5 2. Nf3 d6 3. Bb5+ Bd7 4. Bxd7+ Qxd7 5. d3 e6 6. Nc3 Ne7 7. Be3 Nbc6 8.
O-O g6 9. Qd2 Bg7 10. Rad1 Nd4 11. Bxd4 cxd4 12. Ne2 Nc6 13. c3 e5 14. cxd4
Nxd4 15. Nexd4 exd4 16. Rfe1 O-O 17. Qf4 Rfe8 18. Rc1 Be5 19. Nxe5 dxe5 20. Qf6
Rac8 21. Rxc8 Qxc8 22. Qf3 Qc2 23. Qe2 Rc8 24. g3 Qxe2 25. Rxe2 Rc1+ 26. Kg2
Rd1 27. f4 f6 28. fxe5 fxe5 29. Kf2 Rxd3 30. Ke1 Kg7 31. Rd2 Rf3 32. Rf2 Rxf2
33. Kxf2 Kf6 34. h4 h5 35. b4 b5 36. a3 a6 37. Ke2 g5 38. Kd3 g4 39. Kd2 Ke6
40. Kd3 a5 41. Kd2 1/2-1/2

[Event "CYCC U10"]
[Site "Hamilton CAN"]
[Date "2022.07.11"]
[Round "7.6"]
[White "Deshpande, Sarthak"]
[Black "Lin, Austin"]
[Result "1-0"]
[WhiteElo "1595"]
[BlackElo "925"]
[PlyCount "85"]
[EventDate "2022.07.08"]
[EventType "swiss"]
[EventRounds "7"]
[EventCountry "CAN"]

1. d4 Nf6 2. c4 g6 3. Nc3 Bg7 4. e4 d6 5. Be2 O-O 6. Be3 b6 7. Qc2 Bb7 8. f3 e6
9. O-O-O Qe7 10. h4 c5 11. dxc5 bxc5 12. Bf4 Rd8 13. g4 h5 14. Nb5 hxg4 15.
Bxd6 Qd7 16. Bc7 gxf3 17. Rxd7 Rxd7 18. Bxf3 a6 19. Bxb8 Rxb8 20. Nc3 Rbd8 21.
Nh3 Bh6+ 22. Kb1 Rd3 23. Rd1 Bd2 24. Be2 R3d7 25. e5 Bg2 26. Nf2 Ne8 27. Rg1
Ba8 28. h5 Be3 29. hxg6 fxg6 30. Qxg6+ Ng7 31. Bd3 Rf7 32. Ng4 Bf4 33. Ne2 Kf8
34. Nxf4 Rxf4 35. Nf6 Rxf6 36. exf6 Rd7 37. Qxg7+ Rxg7 38. fxg7+ Ke7 39. g8=Q
Kd6 40. Rg6 Bd5 41. cxd5 Kxd5 42. Qxe6+ Kd4 43. Qe4# 1-0

[Event "CYCC U10"]
[Site "Hamilton CAN"]
[Date "2022.07.11"]
[Round "7.7"]
[White "Shaik, Muhammad Aman"]
[Black "Allahverdi, Umid"]
[Result "0-1"]
[WhiteElo "892"]
[BlackElo "1443"]
[PlyCount "106"]
[EventDate "2022.07.08"]
[EventType "swiss"]
[EventRounds "7"]
[EventCountry "CAN"]

1. d4 d5 2. Nf3 Nf6 3. e3 e6 4. c3 Be7 5. Nbd2 O-O 6. Bd3 c5 7. O-O Nc6 8. Re1
b6 9. e4 dxe4 10. Nxe4 cxd4 11. cxd4 Nxd4 12. Ng3 Nxf3+ 13. Qxf3 Rb8 14. Bf4
Bb7 15. Ne4 Ra8 16. Red1 Bd5 17. Qh3 Nxe4 18. Bxe4 f5 19. Bxd5 exd5 20. Rd3 Rc8
21. Rad1 Rc5 22. Rg3 Rf7 23. Qh5 Bf6 24. Rh3 g6 25. Rg3 Bh4 26. Bg5 Bxg3 27.
Qh6 Bxf2+ 28. Kxf2 Rc2+ 29. Kg1 Qe8 30. Rf1 d4 31. Qh3 Qe2 32. Bh6 f4 33. Qf3
Qxf3 34. Rxf3 Rxb2 35. Rd3 Re2 36. h3 Re4 37. Rf3 Rf5 38. g3 Re2 39. Kf1 Rxa2
40. Kg1 Ra1+ 41. Rf1 Rxf1+ 42. Kxf1 fxg3+ 43. Bf4 g2+ 44. Kg1 Rd5 45. Kxg2 d3
46. Be3 d2 47. Bxd2 Rxd2+ 48. Kg1 Kf7 49. h4 a5 50. h5 a4 51. h6 a3 52. Kh1 a2
53. Kg1 a1=Q# 0-1

[Event "CYCC U10"]
[Site "Hamilton CAN"]
[Date "2022.07.11"]
[Round "7.8"]
[White "Bi, William"]
[Black "Wang, Patrick"]
[Result "1-0"]
[WhiteElo "1204"]
[BlackElo "868"]
[PlyCount "57"]
[EventDate "2022.07.08"]
[EventType "swiss"]
[EventRounds "7"]
[EventCountry "CAN"]

1. e4 e5 2. Nf3 Nc6 3. Bc4 Be7 4. Nc3 Nf6 5. d3 d6 6. h3 O-O 7. a3 Na5 8. Ba2
Be6 9. Bd2 Bxa2 10. Nxa2 Nc6 11. Nc3 d5 12. exd5 Nxd5 13. O-O f6 14. Re1 Nxc3
15. Bxc3 Bd6 16. d4 Qe7 17. Qd3 Rfe8 18. Nd2 f5 19. Qxf5 Rf8 20. Qd3 Qh4 21.
Nf3 Qf4 22. dxe5 Bc5 23. Qd5+ Rf7 24. Qxc5 Qg5 25. Nxg5 Rf5 26. Qd5+ Rf7 27.
Qxf7+ Kh8 28. e6 h6 29. Qxg7# 1-0

[Event "CYCC U10"]
[Site "Hamilton CAN"]
[Date "2022.07.11"]
[Round "7.9"]
[White "Naiboglu, Onur"]
[Black "Dunikov, David"]
[Result "1-0"]
[WhiteElo "985"]
[BlackElo "1337"]
[PlyCount "105"]
[EventDate "2022.07.08"]
[EventType "swiss"]
[EventRounds "7"]
[EventCountry "CAN"]

1. e4 e5 2. Nf3 d5 3. exd5 e4 4. Ng1 Nf6 5. Nc3 Bc5 6. d4 exd3 7. Bxd3 O-O 8.
Nge2 c6 9. dxc6 Nxc6 10. O-O Be6 11. Bg5 Be7 12. Re1 h6 13. Bh4 Nd5 14. Bxe7
Ndxe7 15. Nf4 Bd7 16. Bb5 a6 17. Bxc6 Nxc6 18. Qd6 Bf5 19. Qc5 Bxc2 20. Rac1
Bg6 21. Rcd1 Re8 22. Rf1 Qe7 23. Qc4 Qg5 24. Nxg6 Qxg6 25. Qd3 Qxd3 26. Rxd3
Rad8 27. Rxd8 Rxd8 28. Rd1 Re8 29. f3 Kh7 30. Rd7 Re7 31. Rxe7 Nxe7 32. Kf2 Kg6
33. Ne4 Nf5 34. Nc5 Nd6 35. Ke3 a5 36. Kd4 Nf5+ 37. Kc4 Ne3+ 38. Kb5 Nd5 39.
Nxb7 Nb4 40. Nd6 Nxa2 41. Kxa5 f5 42. b4 Nxb4 43. Kxb4 Kf6 44. Kc3 g5 45. g4
fxg4 46. fxg4 Kg6 47. Nf5 h5 48. h3 Kf6 49. Kd4 Ke6 50. Ng7+ Kd6 51. Nxh5 Ke7
52. Ke5 Kf7 53. Kf5 1-0

[Event "CYCC U10"]
[Site "Hamilton CAN"]
[Date "2022.07.11"]
[Round "7.10"]
[White "Justason, Magnus"]
[Black "Guillemette, Thomas"]
[Result "0-1"]
[WhiteElo "1336"]
[BlackElo "800"]
[PlyCount "116"]
[EventDate "2022.07.08"]
[EventType "swiss"]
[EventRounds "7"]
[EventCountry "CAN"]

1. d4 Nf6 2. c4 g6 3. Nc3 Bg7 4. e4 d6 5. Nf3 O-O 6. Be2 e5 7. d5 a5 8. O-O Na6
9. Be3 Ng4 10. Bg5 Nf6 11. Qd2 Qe8 12. h3 Nc5 13. Bxf6 Bxf6 14. Nb5 Qe7 15. Nc3
Bd7 16. Bd3 Bg7 17. Nh2 Rfe8 18. Rad1 Bf6 19. Be2 Bg5 20. Qc2 f5 21. f3 Rf8 22.
g4 Rf7 23. Bd3 Raf8 24. exf5 gxf5 25. gxf5 Nxd3 26. Qxd3 Bxf5 27. Qe2 Bxh3 28.
Rf2 Bh4 29. Ne4 Bxf2+ 30. Kxf2 Qh4+ 31. Ke3 Rg7 32. Nf1 Qf4+ 33. Kd3 Qxf3+ 34.
Qxf3 Rxf3+ 35. Ke2 Rxf1 36. Rxf1 Bxf1+ 37. Kxf1 Rf7+ 38. Ke2 Rf4 39. Ke3 Kg7
40. b3 h5 41. Ng5 Rf6 42. Ne6+ Rxe6 43. dxe6 Kf6 44. Kf3 Kxe6 45. Kg3 Kf5 46.
Kh4 e4 47. Kxh5 Kf4 48. Kg6 e3 49. Kf7 e2 50. Ke7 e1=Q+ 51. Kd7 Qa1 52. Kxc7
Qxa2 53. Kxd6 Qxb3 54. c5 Kf5 55. c6 bxc6 56. Kxc6 Qd3 57. Kb7 Qd6 58. Ka8 Qb4
0-1

[Event "CYCC U10"]
[Site "Hamilton CAN"]
[Date "2022.07.11"]
[Round "7.11"]
[White "Li, Ryan"]
[Black "Zhang, Andy"]
[Result "1/2-1/2"]
[WhiteElo "1110"]
[BlackElo "908"]
[PlyCount "71"]
[EventDate "2022.07.08"]
[EventType "swiss"]
[EventRounds "7"]
[EventCountry "CAN"]

1. e4 e5 2. Nf3 Nc6 3. d4 exd4 4. Nxd4 Nxd4 5. Qxd4 Nf6 6. Nc3 d6 7. Bg5 Be7 8.
e5 dxe5 9. Qxd8+ Bxd8 10. Bxf6 Bxf6 11. Nd5 Bd8 12. O-O-O O-O 13. h4 c6 14. Ne3
b5 15. g4 Bb6 16. Bg2 Bxe3+ 17. fxe3 Bxg4 18. Rd6 Rab8 19. Bxc6 Rb6 20. Re1 Rc8
21. Rg1 Bf3 22. Bd7 Rxc2+ 23. Kxc2 Rxd6 24. Bxb5 h6 25. Rf1 Be4+ 26. Kc1 Bd3
27. Rd1 e4 28. a4 a6 29. Bxd3 Rxd3 30. Rxd3 exd3 31. b4 Kf8 32. b5 axb5 33.
axb5 Ke8 34. Kd2 Kd7 35. Kxd3 Kc7 36. Kc4 1/2-1/2

[Event "CYCC U10"]
[Site "Hamilton CAN"]
[Date "2022.07.11"]
[Round "7.12"]
[White "Li, Jerry"]
[Black "Zhuang, Samuel"]
[Result "1-0"]
[WhiteElo "1008"]
[BlackElo "862"]
[PlyCount "35"]
[EventDate "2022.07.08"]
[EventType "swiss"]
[EventRounds "7"]
[EventCountry "CAN"]

1. e4 e5 2. Nf3 Nc6 3. Bc4 Bc5 4. c3 Nf6 5. d3 h6 6. Nbd2 d6 7. O-O Bg4 8. a4
a5 9. Re1 O-O 10. Nf1 Qd7 11. h3 Bh5 12. Ng3 Bxf3 13. Qxf3 Rfe8 14. Nf5 Ne7 15.
Nxh6+ gxh6 16. Qxf6 Kh7 17. Bxf7 Rf8 18. Qxh6# 1-0